| 000 | 01816nam a22003855i 4500 | ||
|---|---|---|---|
| 003 | EG-ScBUE | ||
| 005 | 20260503102408.0 | ||
| 008 | 110119s2003 ua o frb 0010 aara d | ||
| 017 | _a2003 / 3005 | ||
| 020 | _a9773200930 | ||
| 040 |
_aEG-ScBUE _bara _erda _cEG-ScBUE _dEG-ScBUE |
||
| 041 | 1 |
_aara _heng |
|
| 082 | 0 | 4 |
_a540.92 _bز و ي _222 |
| 100 | 1 |
_aزويل، أحمد، _d1946-2016، _eمؤلف. _917378 |
|
| 240 | 0 |
_aVoyage through time : walks of life to the Nobel prize. _lArabic |
|
| 245 | 1 | 0 |
_aرحلة عبر الزمن : _bالطريق إلى جائزة نوبل / _cدكتور أحمد زويل ؛ ترجمة دكتور مصطفى محمود سليمان، رئيس قسم الجيولوجيا بكلية العلوم جامعة الزقازيق. |
| 250 | _aالطبعة الأولى. | ||
| 264 | 1 |
_aالقاهرة : _bمركز الأهرام للنشر والترجمة والتوزيع، _c2003. |
|
| 300 |
_axii, 291 صفحة : _bصور ؛ _c24 سم |
||
| 336 |
_2rdacontent _aنص _btxt |
||
| 337 |
_2rdamedia _aبدون وسيط _bn |
||
| 338 |
_2rdacarrier _aمجلد _bnc |
||
| 500 | _aيشتمل على ملاحق. | ||
| 500 | _aيشتمل على كشاف. | ||
| 504 | _aيشتمل على إرجاعات ببليوجرافية. | ||
| 541 |
_aد. مصطفى محمود سليمان ؛ _cإهداء ؛ |
||
| 546 | _aالنص باللغة الإنجليزية ؛ وقد تم ترجمته إلى العربية. | ||
| 600 | 1 | 7 |
_aزويل، أحمد، _d1946-2016 _vيوميات. _2BUEsh _917378 |
| 650 | 7 |
_aالكيميائيون المصريون _vتراجم. _2BUEsh _921508 |
|
| 650 | 7 |
_aجائزة نوبل. _2BUEsh _927047 |
|
| 653 |
_bGGEN _cDecember2017 |
||
| 655 | _vReading book | ||
| 700 | 1 |
_aسليمان، مصطفى محمود، _eمترجم. _939456 |
|
| 942 | _2ddc | ||
| 999 |
_c14921 _d14921 |
||